| 000 | 00604nam a2200241 a 4500 | ||
|---|---|---|---|
| 001 | nice12345678 | ||
| 003 | IN_TiNIC | ||
| 005 | 20260116014013.0 | ||
| 008 | 050524s2002 newa grp 000 0 eng | ||
| 020 |
_a0140183 _c375 |
||
| 082 | 0 | 0 |
_a320.0973 _bCHO |
| 100 | _aChomsky, Noam | ||
| 245 |
_aAmerican Power _b and the New Mandarins |
||
| 260 |
_aNew Delhi _bPenguin Books _c2002 |
||
| 300 | _a404p | ||
| 500 | _aincludes index and biblioraphy | ||
| 505 | 2 | _aIndex | |
| 650 | _aPolitics-United States | ||
| 700 | 1 | _aChomsky, Noam | |
| 902 | _bSRS | ||
| 942 | _cBK | ||
| 999 |
_c13461 _d13461 |
||